[Event "Despedida"]
[Site "SchemingMind.com"]
[Date "2014.02.24"]
[Round "-"]
[White "SAMAEL"]
[Black "APB"]
[Result "0-1"]
[WhiteCountry "CAN"]
[BlackCountry "ENG"]
[WhiteElo "1720"]
[WhiteRD "55"]
[BlackElo "1745"]
[BlackRD "68"]
[GameID "348471"]

1. e4 c5 2. c4 e6 3. Nc3 Nc6 4. Nf3 Bd6 5. Be2 Nf6 6. O-O O-O 7. d3 a6 8. a3 Nd4 9. h3 Nxe2+ 10. Qxe2 e5
11. Bg5 h6 12. Bh4 Qc7 13. Nh2 Be7 14. Bxf6 Bxf6 15. Ng4 Bg5 16. Nd5 Qd6 17. g3 b6 18. Rad1 Bb7 19. h4 Bd8 20. Nge3 Qg6
21. Qg4 Qxg4 22. Nxg4 Bxd5 23. cxd5 d6 24. f4 Bc7 25. fxe5 dxe5 26. Rc1 Rad8 27. b4 f6 28. bxc5 bxc5 29. Rxc5 Bb6
0-1

[Event "Despedida"]
[Site "SchemingMind.com"]
[Date "2014.02.23"]
[Round "-"]
[White "APB"]
[Black "elmar"]
[Result "0-1"]
[WhiteCountry "ENG"]
[BlackCountry "AZE"]
[WhiteElo "1753"]
[WhiteRD "69"]
[BlackElo "2043"]
[BlackRD "70"]
[GameID "348472"]

1. e4 e5 2. Nf3 Nc6 3. Bc4 Nf6 4. d3 Be7 5. Nc3 d6 6. O-O O-O 7. h3 Na5 8. Bb3 Nxb3 9. axb3 c6 10. Be3 a6
11. Na4 Nd7 12. d4 f5 13. Nc3 fxe4 14. Nxe4 d5 15. Neg5 Nb6 16. Nxe5 Bxg5 17. Bd2 Nd7 18. Nf3 Be7 19. Qe2 Nf6 20. Ne5 Ne4
21. Ba5 Qd6 22. c3 Qh6 23. c4 Bd6 24. Rad1 Be6 25. Ra1 Qf4 26. Nd3 Qh2#
0-1

[Event "Despedida"]
[Site "SchemingMind.com"]
[Date "2014.02.23"]
[Round "-"]
[White "elmar"]
[Black "APB"]
[Result "1-0"]
[WhiteCountry "AZE"]
[BlackCountry "ENG"]
[WhiteElo "2046"]
[WhiteRD "69"]
[BlackElo "1741"]
[BlackRD "68"]
[GameID "348473"]

1. e4 c5 2. Ne2 e5 3. c3 Nf6 4. d3 d5 5. Qc2 Nc6 6. Bg5 Be7 7. Nd2 O-O 8. Ng3 h6 9. Bxf6 Bxf6 10. Be2 d4
11. Nb3 b6 12. Nd2 Be7 13. O-O Bg5 14. Nf3 Qf6 15. Nh5 Qg6 16. Nxg5 Qxg5 17. f4 Qe7 18. a4 a5 19. Ng3 exf4 20. Rxf4 Ne5
21. Nf5 Bxf5 22. Rxf5 g6 23. Rf4 Rac8 24. Raf1 c4 25. dxc4 Nxc4 26. Bxc4 Rxc4 27. Qb3 Qc7 28. e5 Qc5 29. Kh1 Kg7 30. cxd4 Qb4
31. Qf3 Rxd4 32. Rxf7+ Rxf7 33. Qxf7+ Kh8 34. Qe8+
1-0

[Event "Despedida"]
[Site "SchemingMind.com"]
[Date "2014.02.23"]
[Round "-"]
[White "APB"]
[Black "Chess_Romanticist"]
[Result "0-1"]
[WhiteCountry "ENG"]
[BlackCountry "SWE"]
[WhiteElo "1741"]
[WhiteRD "68"]
[BlackElo "2074"]
[BlackRD "89"]
[GameID "348474"]

1. e4 e6 2. d4 d5 3. Nc3 Bb4 4. e5 c5 5. Qg4 Kf8 6. Nf3 Nc6 7. Bd2 cxd4 8. Nxd4 Nge7 9. Nxc6 Nxc6 10. Bb5 Be7
11. Bxc6 bxc6 12. O-O Rb8 13. Na4 Qc7 14. f4 c5 15. b3 Bd7 16. Nc3 c4 17. Ne2 Bb5 18. Nd4 Bc5 19. Kh1 Bxd4 20. c3 cxb3
21. Rf3 b2 22. Rb1 Be2
0-1

[Event "Despedida"]
[Site "SchemingMind.com"]
[Date "2014.02.23"]
[Round "-"]
[White "Chess_Romanticist"]
[Black "APB"]
[Result "1-0"]
[WhiteCountry "SWE"]
[BlackCountry "ENG"]
[WhiteElo "1985"]
[WhiteRD "120"]
[BlackElo "1753"]
[BlackRD "69"]
[GameID "348475"]

1. e4 c5 2. Nf3 d6 3. Bb5+ Bd7 4. Bxd7+ Nxd7 5. d3 g6 6. O-O Bg7 7. Nc3 e6 8. Bf4 Qb6 9. Qc1 e5 10. Bg5 Bf6
11. Bh6 Nxh6 12. Nd5 Qd8 13. Qxh6 Qa5 14. Nd2 O-O-O 15. Nc4 Qb5 16. Nxd6+
1-0

[Event "Despedida"]
[Site "SchemingMind.com"]
[Date "2014.02.25"]
[Round "-"]
[White "APB"]
[Black "kenneth m day"]
[Result "1-0"]
[WhiteCountry "ENG"]
[BlackCountry "USA"]
[WhiteElo "1741"]
[WhiteRD "68"]
[BlackElo "1769"]
[BlackRD "48"]
[GameID "348542"]

1. e4 e5 2. Nf3 Nc6 3. Bc4 Bc5 4. c3 Nf6 5. d4 exd4 6. cxd4 Bb4+ 7. Bd2 Bxd2+ 8. Nbxd2 d6 9. d5 Ne5 10. Nxe5 dxe5
11. O-O O-O 12. h3 c6 13. dxc6 bxc6 14. Nf3 Qxd1 15. Raxd1 Bb7 16. Nd2 Rfd8 17. Nf3 Nxe4 18. Nxe5 Nd6 19. Bb3 Rac8 20. Rfe1 Rc7
21. Nc4 Re8 22. Nxd6 Rxe1+ 23. Rxe1 g6 24. Nxb7 Rxb7 25. Re2
1-0

[Event "Despedida"]
[Site "SchemingMind.com"]
[Date "2014.02.25"]
[Round "-"]
[White "kenneth m day"]
[Black "APB"]
[Result "1-0"]
[WhiteCountry "USA"]
[BlackCountry "ENG"]
[WhiteElo "1757"]
[WhiteRD "49"]
[BlackElo "1745"]
[BlackRD "68"]
[GameID "348543"]

1. e4 c5 2. d4 e6 3. Nf3 cxd4 4. c3 dxc3 5. Nxc3 Nc6 6. Bc4 d6 7. Qe2 Nf6 8. O-O Be7 9. Rd1 e5 10. h3 O-O
11. Be3 b6 12. Rac1 Bb7 13. Nd5 Nxe4 14. a3 h6 15. Rc2 Bg5 16. Nxg5 Nxg5 17. Qg4 Bc8 18. Qg3 Ne4 19. Qf3 Ng5 20. Qh5 Be6
21. h4 Nh7 22. Bb3 Na5 23. Ba2 Bxd5 24. Bxd5 Nf6 25. Qf3 Rc8 26. Rdc1 Rxc2 27. Rxc2 Nxd5 28. Qxd5 Qxh4 29. Rc7 b5 30. Qxb5 Kh8
31. Qxa5 Rb8 32. b4 f5 33. Qxa7 Rf8 34. Rxg7 Qf6 35. Rh7+
1-0

[Event "Despedida"]
[Site "SchemingMind.com"]
[Date "2014.02.25"]
[Round "-"]
[White "fouche"]
[Black "kenneth m day"]
[Result "0-1"]
[WhiteCountry "COL"]
[BlackCountry "USA"]
[WhiteElo "1609"]
[WhiteRD "64"]
[BlackElo "1757"]
[BlackRD "49"]
[GameID "348544"]

1. d4 Nf6 2. c4 e6 3. Nc3 Bb4 4. Bd2 O-O 5. Nf3 d5 6. e3 dxc4 7. Bxc4 c5 8. O-O Nc6 9. a3 Bxc3 10. bxc3 cxd4
11. cxd4 b6 12. Rc1 Bb7 13. Re1 Rc8 14. Bc3 Ne4 15. Bb2 Re8 16. Bd3 Ne7 17. Rxc8 Qxc8 18. Nd2 Nf6 19. e4 Rd8 20. Nf3 Ng6
21. h4 Nf4 22. e5 N6d5 23. Bc1 Nxd3 24. Qxd3 h6 25. Bd2 Rd7 26. Rc1 Rc7 27. Rxc7 Qxc7 28. Ne1 Qc6 29. Qc2 Qxc2 30. Nxc2 Ba6
31. Nb4 Bc4 32. Nc6 a6 33. f4 a5 34. g4 Kf8 35. Kf2 Ke8 36. Kf3 Kd7 37. Nxa5 bxa5 38. Bxa5 Bb5 39. Ke4 Ba4 40. f5 Ne7
41. Bb4 Nc6 42. d5 exd5+ 43. Kxd5 Nxb4+ 44. axb4 Bd1 45. g5 hxg5 46. hxg5 Bg4 47. f6 g6 48. b5 Kc7 49. Kc5 Kb7 50. Kd6 Kb6
51. Ke7 Be6 52. Kd6 Kxb5
0-1

[Event "Despedida"]
[Site "SchemingMind.com"]
[Date "2014.02.25"]
[Round "-"]
[White "kenneth m day"]
[Black "fouche"]
[Result "1-0"]
[WhiteCountry "USA"]
[BlackCountry "COL"]
[WhiteElo "1769"]
[WhiteRD "48"]
[BlackElo "1628"]
[BlackRD "63"]
[GameID "348545"]

1. e4 e6 2. d4 d5 3. Nc3 dxe4 4. Nxe4 Nf6 5. Bd3 Be7 6. Nf3 O-O 7. O-O Nbd7 8. Re1 Nxe4 9. Bxe4 Nf6 10. Bd3 b6
11. Bf4 Bb7 12. c3 c5 13. Rc1 cxd4 14. Nxd4 Qd5 15. Nf3 Rad8 16. Bb1 Qxd1 17. Rcxd1 Bxf3 18. gxf3 Nd5 19. Bg3 b5 20. Be4 Nf6
21. Bb7 Rxd1 22. Rxd1 Rd8 23. Rxd8+ Bxd8 24. Ba6 b4 25. c4 Nd7 26. Bd6 Ba5 27. c5 f6 28. c6 Nb6 29. c7 Kf7 30. Bc5
1-0

[Event "Despedida"]
[Site "SchemingMind.com"]
[Date "2014.02.25"]
[Round "-"]
[White "Scooter"]
[Black "kenneth m day"]
[Result "0-1"]
[WhiteCountry "USA"]
[BlackCountry "USA"]
[WhiteElo "1732"]
[WhiteRD "47"]
[BlackElo "1769"]
[BlackRD "48"]
[GameID "348546"]

1. d4 Nf6 2. Bf4 d6 3. Nf3 g6 4. e3 Bg7 5. Be2 O-O 6. O-O b6 7. h3 Bb7 8. Nbd2 Nbd7 9. c4 c5 10. Rb1 Rc8
11. d5 Ne8 12. Bg5 h6 13. Bh4 Nef6 14. b3 e6 15. dxe6 fxe6 16. Bd3 Qe8 17. Qc2 g5 18. Bg3 e5 19. Ne4 Qe6 20. Nxf6+ Nxf6
21. Bf5 Qe8 22. Bxc8 Qxc8 23. Rfd1 Be4 24. Qd2 Bxb1 25. Rxb1 Qc6 26. Rd1 Ne4 27. Qd5+ Qxd5 28. Rxd5 Rd8 29. Bxe5 Nc3 30. Rxd6 Rxd6
31. Bxd6 Nxa2 32. Bb8 a6 33. Ba7 Nc1 34. Nd2 Bc3 35. Ne4 Ba5 36. Nf6+ Kf7 37. Nd7 Nxb3 38. Bxb6 Bb4 39. Kf1 a5 40. Ne5+ Ke6
41. Nc6 a4 42. Ke2 a3
0-1

[Event "Despedida"]
[Site "SchemingMind.com"]
[Date "2014.02.24"]
[Round "-"]
[White "kenneth m day"]
[Black "Scooter"]
[Result "1-0"]
[WhiteCountry "USA"]
[BlackCountry "USA"]
[WhiteElo "1769"]
[WhiteRD "48"]
[BlackElo "1732"]
[BlackRD "47"]
[GameID "348547"]

1. e4 c6 2. c4 d5 3. cxd5 cxd5 4. exd5 Qxd5 5. d4 Qa5+ 6. Nc3 a6 7. Bd2 Qd8 8. Nf3 Bg4 9. d5 Nf6 10. Bc4 b5
11. Bb3 Nbd7 12. O-O Ne5 13. h3 Bxf3 14. gxf3 g6 15. Bf4 Nfd7 16. Re1 Bg7 17. Rc1 O-O 18. Ne4 Rc8 19. Qe2 Rxc1 20. Rxc1 h6
21. Qe3 Qa8 22. Bxh6 Bxh6 23. Qxh6 Nxf3+ 24. Kg2 Nde5 25. Rc3 Nd4 26. Ng5
1-0

[Event "Despedida"]
[Site "SchemingMind.com"]
[Date "2014.03.01"]
[Round "-"]
[White "kenneth m day"]
[Black "SAMAEL"]
[Result "0-1"]
[WhiteCountry "USA"]
[BlackCountry "CAN"]
[WhiteElo "1741"]
[WhiteRD "52"]
[BlackElo "1772"]
[BlackRD "56"]
[GameID "348550"]

1. e4 e5 2. Nf3 d6 3. d4 exd4 4. Nxd4 Nf6 5. Nc3 Bd7 6. Bg5 Be7 7. Qd2 Nc6 8. Be2 O-O 9. O-O-O Re8 10. Qf4 h6
11. Bh4 g5 12. Bxg5 hxg5 13. Qxg5+ Kh8 14. Rd3 Rg8 15. Qh6+ Nh7 16. Nxc6 Bg5+ 17. f4 Bxh6 18. Nxd8 Bxf4+ 19. Kd1 Raxd8 20. Nd5 Be5
21. c3 Rxg2 22. Nxc7 a6 23. Nd5 Bb5 24. Rd2 Bxe2+ 25. Rxe2 Rdg8 26. Rf1 Rxe2 27. Kxe2 f6 28. Ne7 Rg2+ 29. Rf2 Rxf2+ 30. Kxf2 Bxh2
31. Nf5 Kg8 32. Ne7+ Kf7 33. Nd5 Ke6 34. Kg2 Be5 35. Nc7+ Kd7 36. Nd5 Ng5 37. Nb6+ Kc6 38. Nc4 Nxe4 39. Kf3 Nc5 40. Ne3 Na4
41. Nc4 b5 42. Nxe5+ dxe5
0-1

[Event "Despedida"]
[Site "SchemingMind.com"]
[Date "2014.03.01"]
[Round "-"]
[White "SAMAEL"]
[Black "kenneth m day"]
[Result "0-1"]
[WhiteCountry "CAN"]
[BlackCountry "USA"]
[WhiteElo "1772"]
[WhiteRD "56"]
[BlackElo "1741"]
[BlackRD "52"]
[GameID "348551"]

1. e4 e5 2. Nf3 Nc6 3. c4 Bc5 4. d3 Nf6 5. h3 Nd4 6. Nxe5 O-O 7. Nf3 d6 8. Be2 Re8 9. Nxd4 Bxd4 10. Nd2 c6
11. Nf3 Bb6 12. O-O h6 13. Kh1 Bd7 14. Rb1 Qc7 15. b4 Rad8 16. Qc2 a6 17. Bf4 Nh5 18. Bh2 c5 19. a3 Bc8 20. b5 axb5
21. cxb5 Nf6 22. a4 Qd7 23. Bg1 Qe6 24. Rfe1 d5 25. exd5 Qxd5 26. Qc4 Qxc4 27. dxc4 Ba5 28. Bf1 Bxe1 29. Nxe1 Rd4 30. f3 Rd2
31. Bxc5 Ra2 32. Kg1 Rxa4 33. Kf2 Be6 34. Rc1 Nd7 35. Be3 Rc8 36. c5 Ra2+ 37. Kg3 Ne5 38. b6 Nc6 39. Nc2 Re8 40. Bf2 Bf5
41. Ne3 Be6 42. Nc4 Re7 43. Bd3 Nb4 44. Be4 Bd5 45. Nd6 Bxe4 46. Nxe4 Nd3 47. Rd1 Nxf2 48. Nxf2 Ree2 49. Rf1 Rac2
0-1

[Event "Despedida"]
[Site "SchemingMind.com"]
[Date "2014.02.25"]
[Round "-"]
[White "kenneth m day"]
[Black "elmar"]
[Result "0-1"]
[WhiteCountry "USA"]
[BlackCountry "AZE"]
[WhiteElo "1769"]
[WhiteRD "48"]
[BlackElo "2046"]
[BlackRD "69"]
[GameID "348552"]

1. e4 e5 2. f4 exf4 3. Nf3 d6 4. d4 g5 5. h4 g4 6. Ng1 Qf6 7. Nc3 Ne7 8. Qd3 a6 9. Bd2 Nbc6 10. O-O-O Qxd4
11. Nge2 Qxd3 12. cxd3 f3 13. gxf3 gxf3 14. Nf4 f5 15. Bh3 fxe4 16. Nxe4 Bh6 17. Rdf1 Nd4 18. Nf6+ Kf7 19. Ne4 Bxf4 20. Bxf4 Ne2+
0-1

[Event "Despedida"]
[Site "SchemingMind.com"]
[Date "2014.02.27"]
[Round "-"]
[White "elmar"]
[Black "kenneth m day"]
[Result "1-0"]
[WhiteCountry "AZE"]
[BlackCountry "USA"]
[WhiteElo "2046"]
[WhiteRD "69"]
[BlackElo "1769"]
[BlackRD "48"]
[GameID "348553"]

1. d4 d5 2. c4 Nc6 3. e3 e5 4. cxd5 Qxd5 5. Nc3 Bb4 6. Bd2 Bxc3 7. bxc3 Nf6 8. f3 Be6 9. c4 Qd7 10. d5 Bxd5
11. cxd5 Qxd5 12. Qc2 O-O 13. Bc4 Qd6 14. Rb1 b6 15. Ne2 Ne7 16. e4 c5 17. O-O Nc6 18. Rfd1 Nd4 19. Nxd4 cxd4 20. Bb4 Qd8
21. Bxf8 Qxf8 22. Rb5 Rc8 23. Rxe5
1-0

[Event "Despedida"]
[Site "SchemingMind.com"]
[Date "2014.02.25"]
[Round "-"]
[White "kenneth m day"]
[Black "Chess_Romanticist"]
[Result "0-1"]
[WhiteCountry "USA"]
[BlackCountry "SWE"]
[WhiteElo "1757"]
[WhiteRD "49"]
[BlackElo "2155"]
[BlackRD "81"]
[GameID "348554"]

1. e4 e6 2. d4 d5 3. Nc3 Bb4 4. e5 c5 5. a3 Bxc3+ 6. bxc3 Ne7 7. Qg4 Ng6 8. h4 h5 9. Qg3 Qa5 10. Bd2 Nc6
11. c4 Qa4 12. c3 cxd4 13. cxd4 Nxd4 14. Bd3 Nc2+ 15. Bxc2 Qxc2 16. Qc3 Qxc3 17. Bxc3 dxc4 18. Nf3 b6 19. Bb4 Bb7 20. Bd6 Nf4
21. O-O Rc8 22. Rac1 Ne2+ 23. Kh2 Nxc1 24. Rxc1 Bxf3 25. gxf3 c3 26. Rc2 a5 27. Kg3 Rc4 28. f4 b5 29. f3 Kd7 30. Kf2 Rhc8
31. Ke3 b4 32. axb4 axb4
0-1

[Event "Despedida"]
[Site "SchemingMind.com"]
[Date "2014.02.27"]
[Round "-"]
[White "Chess_Romanticist"]
[Black "kenneth m day"]
[Result "1-0"]
[WhiteCountry "SWE"]
[BlackCountry "USA"]
[WhiteElo "2074"]
[WhiteRD "89"]
[BlackElo "1769"]
[BlackRD "48"]
[GameID "348555"]

1. e4 e5 2. Nf3 Nc6 3. Bb5 d6 4. d4 exd4 5. Qxd4 Bd7 6. Bxc6 Bxc6 7. Nc3 Nf6 8. Bg5 Be7 9. O-O-O O-O 10. Rhe1 Re8
11. Kb1 h6 12. Bh4 a6 13. e5 dxe5 14. Qc4 Bd6 15. Nxe5 Rxe5 16. Rxe5 Qf8 17. Bxf6 gxf6 18. Rf5 Qg7 19. Nd5 Qxg2 20. Nxf6+ Kg7
21. Nh5+
1-0

[Event "Despedida"]
[Site "SchemingMind.com"]
[Date "2014.03.02"]
[Round "-"]
[White "APB"]
[Black "Phillip Beckett"]
[Result "1-0"]
[WhiteCountry "ENG"]
[BlackCountry "ENG"]
[WhiteElo "1741"]
[WhiteRD "68"]
[BlackElo "1553"]
[BlackRD "49"]
[GameID "348775"]

1. e4 e5 2. Nf3 Nc6 3. Bc4 Nf6 4. d4 exd4 5. Ng5 d5 6. exd5 Na5 7. Qe2+ Qe7 8. O-O Qxe2 9. Bxe2 h6 10. Nf3 Bd6
11. a3 b6 12. Nxd4 Bb7 13. Bb5+ c6 14. dxc6 Bc8 15. Re1+ Kd8 16. Nf5 Bxf5 17. b4 Nxc6 18. Bxc6 Rc8 19. b5 Nd7 20. Bb2 f6
21. Nd2 Ne5 22. Ne4 Bb8 23. Rad1+ Kc7 24. Nd6 Rcd8 25. Nxf5 Nxc6 26. bxc6 Kxc6 27. Rxd8 Rxd8 28. Nxg7 Rg8 29. Bxf6 Bd6 30. Re6
1-0

[Event "Despedida"]
[Site "SchemingMind.com"]
[Date "2014.03.02"]
[Round "-"]
[White "Phillip Beckett"]
[Black "APB"]
[Result "1-0"]
[WhiteCountry "ENG"]
[BlackCountry "ENG"]
[WhiteElo "1553"]
[WhiteRD "49"]
[BlackElo "1741"]
[BlackRD "68"]
[GameID "348776"]

1. d4 Nf6 2. e3 d5 3. Bd3 g6 4. f4 e6 5. Nf3 a6 6. O-O c5 7. c3 c4 8. Bc2 Be7 9. Nbd2 Ng4 10. Qe2 f5
11. h3 Nf6 12. Ne5 Nh5 13. Qf2 Bh4 14. Qf3 Ng3 15. Rd1 Nd7 16. Nf1 Ne4 17. g3 Bf6 18. Nd2 Nxe5 19. fxe5 Ng5 20. Qg2 Bg7
21. Nf3 O-O 22. Nxg5 Qxg5 23. e4 Qd8 24. exf5 exf5 25. Bf4 Be6 26. h4 b5 27. a4 Qb6 28. axb5 Qxb5 29. Rdb1 a5 30. h5 a4
31. hxg6 hxg6 32. Bd1 Kf7 33. g4 Qd7 34. gxf5 Bxf5 35. Bc2 Bxc2 36. Qxc2 Qg4+ 37. Qg2 Qe6 38. Rf1 Ke8 39. Bh2 Rxf1+ 40. Rxf1 a3
41. bxa3 Rxa3 42. Qb2 Ra8 43. Qb5+ Qd7 44. Qxd7+ Kxd7 45. Rf7+
1-0

[Event "Despedida"]
[Site "SchemingMind.com"]
[Date "2014.03.03"]
[Round "-"]
[White "fouche"]
[Black "Phillip Beckett"]
[Result "1-0"]
[WhiteCountry "COL"]
[BlackCountry "ENG"]
[WhiteElo "1630"]
[WhiteRD "64"]
[BlackElo "1517"]
[BlackRD "50"]
[GameID "348777"]

1. f4 e5 2. e4 Qh4+ 3. g3 Qe7 4. Nc3 exf4 5. gxf4 Qh4+ 6. Ke2 d5 7. Nf3 Bg4 8. d4 Bxf3+ 9. Kxf3 Qh5+ 10. Kf2 Qxd1
11. Nxd1 dxe4 12. Ne3 Nc6 13. Bb5 Ne7 14. d5 a6 15. dxc6 axb5 16. cxb7 Rb8 17. a4 Rxb7 18. a5 Ra7 19. Bd2 Nc6 20. b4 Nd4
21. Rae1 Bd6 22. Kg3 g5 23. Nd5 Bxf4+ 24. Nxf4 gxf4+ 25. Kxf4 f5 26. Bc3 Ne6+ 27. Kxf5 Ng7+ 28. Bxg7 Rg8 29. Rxe4+ Kf7 30. Bd4 Rg2
31. Bxa7
1-0

[Event "Despedida"]
[Site "SchemingMind.com"]
[Date "2014.03.02"]
[Round "-"]
[White "Phillip Beckett"]
[Black "fouche"]
[Result "1-0"]
[WhiteCountry "ENG"]
[BlackCountry "COL"]
[WhiteElo "1517"]
[WhiteRD "50"]
[BlackElo "1630"]
[BlackRD "64"]
[GameID "348778"]

1. d4 Nf6 2. e3 e6 3. Bd3 d5 4. f4 Bb4+ 5. c3 Ba5 6. Nf3 O-O 7. O-O Nbd7 8. Ne5 c5 9. Nd2 c4 10. Bc2 Qc7
11. e4 Nxe5 12. fxe5 Nd7 13. exd5 exd5 14. Qh5 g6 15. Qh6 Re8 16. Rf3 Nf8 17. Nf1 Qe7 18. Bg5 Qd7 19. Bf6 Ne6 20. Rh3
1-0

[Event "Despedida"]
[Site "SchemingMind.com"]
[Date "2014.03.03"]
[Round "-"]
[White "Phillip Beckett"]
[Black "Scooter"]
[Result "1/2-1/2"]
[WhiteCountry "ENG"]
[BlackCountry "USA"]
[WhiteElo "1517"]
[WhiteRD "50"]
[BlackElo "1731"]
[BlackRD "46"]
[GameID "348779"]

1. d4 Nf6 2. e3 g6 3. Bd3 Bg7 4. Nd2 O-O 5. f4 d6 6. Ngf3 Bg4 7. c3 Nbd7 8. O-O Nd5 9. Qe1 Bxf3 10. Nxf3 c5
11. e4 Nc7 12. e5 dxe5 13. fxe5 cxd4 14. cxd4 e6 15. Bg5 f6 16. exf6 Bxf6 17. Bxf6 Rxf6 18. Ne5 Nxe5 19. Rxf6 Qxf6 20. dxe5 Qd8
21. Rd1 Nd5 22. Bc4 Qb6+ 23. Kh1 Rd8 24. Bxd5 Rxd5 25. Rxd5 exd5 26. e6 Qb5 27. e7 Kf7 28. h3 Qe8 29. Qe5 Qxe7 30. Qxd5+ Kf8
31. Qf3+ Ke8 32. Qb3 b6=
1/2-1/2

[Event "Despedida"]
[Site "SchemingMind.com"]
[Date "2014.03.03"]
[Round "-"]
[White "Scooter"]
[Black "Phillip Beckett"]
[Result "1-0"]
[WhiteCountry "USA"]
[BlackCountry "ENG"]
[WhiteElo "1731"]
[WhiteRD "46"]
[BlackElo "1517"]
[BlackRD "50"]
[GameID "348780"]

1. d4 d5 2. Nf3 Nf6 3. Bf4 e6 4. e3 c6 5. Be2 Bd6 6. Bxd6 Qxd6 7. c3 Nbd7 8. O-O O-O 9. Nbd2 c5 10. Bb5 a6
11. Bxd7 Bxd7 12. Ne5 cxd4 13. Nxd7 Qxd7 14. cxd4 Rfc8 15. Rc1 Rxc1 16. Qxc1 Rc8 17. Qb1 Qc6 18. Nb3 b6 19. Rc1 Qb7 20. Rxc8+ Qxc8
21. Qc1 Qxc1+= 22. Nxc1 Ne4 23. Kf1 Kf8 24. f3 Nd6= 25. b3 Nb5 26. Ke2 Ke7 27. Kd3 Kd6 28. a4 Na7 29. Na2 a5 30. Nc3 Kc6
31. e4 dxe4+ 32. fxe4 b5 33. d5+ exd5 34. exd5+ Kd6 35. axb5 Kc5 36. g4 Kd6 37. b6
1-0

[Event "Despedida"]
[Site "SchemingMind.com"]
[Date "2014.03.02"]
[Round "-"]
[White "Phillip Beckett"]
[Black "kenneth m day"]
[Result "0-1"]
[WhiteCountry "ENG"]
[BlackCountry "USA"]
[WhiteElo "1517"]
[WhiteRD "50"]
[BlackElo "1767"]
[BlackRD "48"]
[GameID "348781"]

1. d4 Nf6 2. e3 d6 3. Bd3 g6 4. f4 Bg7 5. Nf3 O-O 6. O-O Bg4 7. Qe1 Nbd7 8. h3 Bxf3 9. Rxf3 c5 10. c3 cxd4
11. exd4 Re8 12. f5 Nb6 13. fxg6 fxg6 14. Bg5 Nbd5 15. c4 Nb6 16. Nc3 Rc8 17. b3 d5 18. c5 Nbd7 19. Nb5 a6 20. Nc3 e6
21. Qf1 Rf8 22. Qe2 Qe8 23. Re1 e5 24. dxe5 Ne4 25. Rxf8+ Qxf8 26. Bxe4 Qxc5+ 27. Kh2 Bxe5+ 28. Kh1 Bxc3 29. Rc1 dxe4 30. Bh6 Qd4
31. Qg4 Qd5
0-1

[Event "Despedida"]
[Site "SchemingMind.com"]
[Date "2014.03.02"]
[Round "-"]
[White "kenneth m day"]
[Black "Phillip Beckett"]
[Result "1-0"]
[WhiteCountry "USA"]
[BlackCountry "ENG"]
[WhiteElo "1767"]
[WhiteRD "48"]
[BlackElo "1517"]
[BlackRD "50"]
[GameID "348782"]

1. e4 e5 2. Nf3 Nc6 3. c3 Nf6 4. d4 exd4 5. e5 Ne4 6. Qe2 Nc5 7. cxd4 Na6 8. Bd2 Be7 9. d5 Ncb8 10. d6 Bf8
11. Bg5
1-0

[Event "Despedida"]
[Site "SchemingMind.com"]
[Date "2014.03.07"]
[Round "-"]
[White "Phillip Beckett"]
[Black "SAMAEL"]
[Result "0-1"]
[WhiteCountry "ENG"]
[BlackCountry "CAN"]
[WhiteElo "1560"]
[WhiteRD "47"]
[BlackElo "1752"]
[BlackRD "56"]
[GameID "348785"]

1. e4 e5 2. Nf3 d6 3. d4 exd4 4. Nxd4 Nf6 5. Nc3 Bd7 6. Be2 Be7 7. O-O O-O 8. Be3 Nc6 9. f3 Re8 10. Qd2 Bf8
11. Rad1 h6 12. Nb3 Be6 13. Nd5 Bd7 14. Nxf6+ Qxf6 15. Nd4 Qe7 16. Nxc6 Bxc6 17. Bc4 Rad8 18. Bd5 Bxd5 19. Qxd5 b6 20. Bf2 a5
21. Rfe1 Qe6 22. Qxe6 fxe6 23. Bg3 e5 24. a3 Be7 25. c4 Rf8 26. Rd3 Rf7 27. Red1 Rdf8 28. b4 axb4 29. axb4 c5 30. bxc5 bxc5
31. Ra3 Re8 32. Ra7 Bf8 33. Rxf7 Kxf7 34. f4 exf4 35. Bxf4 Rxe4 36. Bxd6 Bxd6 37. Rxd6 Rxc4 38. Rc6 Rc2 39. Rc7+ Kf6 40. Kf1 h5
41. Rc8 g5 42. h3 g4 43. hxg4 hxg4 44. Rc6+ Kf5 45. g3 Ke4 46. Rf6 Kd3 47. Rd6+ Ke3 48. Re6+ Kf3 49. Kg1 Kxg3 50. Re3+ Kf4
51. Ra3 c4 52. Ra4 Kf3 53. Ra3+ c3
0-1

[Event "Despedida"]
[Site "SchemingMind.com"]
[Date "2014.03.07"]
[Round "-"]
[White "SAMAEL"]
[Black "Phillip Beckett"]
[Result "1-0"]
[WhiteCountry "CAN"]
[BlackCountry "ENG"]
[WhiteElo "1759"]
[WhiteRD "59"]
[BlackElo "1553"]
[BlackRD "49"]
[GameID "348786"]

1. e4 e5 2. Nf3 Nc6 3. Be2 Nf6 4. d3 Be7 5. O-O d6 6. c4 h6 7. Nc3 Nb8 8. h3 O-O 9. Nh2 Nh7 10. f4 exf4
11. Bxf4 Bg5 12. Bxg5 Qxg5 13. Kh1 f5 14. exf5 Bxf5 15. Nf3 Qh5 16. Nd4 Qg6 17. Nd5 Na6 18. Ne7+
1-0

[Event "Despedida"]
[Site "SchemingMind.com"]
[Date "2014.03.02"]
[Round "-"]
[White "Phillip Beckett"]
[Black "elmar"]
[Result "0-1"]
[WhiteCountry "ENG"]
[BlackCountry "AZE"]
[WhiteElo "1517"]
[WhiteRD "50"]
[BlackElo "2043"]
[BlackRD "70"]
[GameID "348787"]

1. e4 c5 2. Nf3 Nc6 3. d4 cxd4 4. Nxd4 Nf6 5. Nc3 d6 6. Bg5 e6 7. f4 a6 8. Qd2 h6 9. Bxf6 Qxf6 10. O-O-O Nxd4
11. Qxd4 Qxf4+ 12. Kb1 Bd7 13. Bd3 Qe5 14. Qxe5 dxe5 15. Rhf1 Bc5 16. Ne2 Rd8 17. Ng1 h5 18. Nf3 f6 19. Nd2 h4 20. Nb3 Bb6
21. Bc4 Ke7 22. Nc1 Bc6 23. Bd3 Rd6 24. Ne2 Rhd8 25. Nc3 Ba5 26. a3 Bxc3 27. bxc3 Bxe4 28. Be2 Rxd1+ 29. Rxd1 Rxd1+ 30. Bxd1 Bxg2
31. c4 Kd6 32. Bg4 f5 33. Bh5 g5 34. c3 g4 35. Kc2 h3 36. Kd2 g3
0-1

[Event "Despedida"]
[Site "SchemingMind.com"]
[Date "2014.03.02"]
[Round "-"]
[White "elmar"]
[Black "Phillip Beckett"]
[Result "1-0"]
[WhiteCountry "AZE"]
[BlackCountry "ENG"]
[WhiteElo "2043"]
[WhiteRD "70"]
[BlackElo "1517"]
[BlackRD "50"]
[GameID "348788"]

1. e4 e5 2. Nf3 Nc6 3. Bc4 Nf6 4. d3 Be7 5. O-O O-O 6. Re1 d6 7. c3 h6 8. Bb3 Nh7 9. Nbd2 Ng5 10. Bd5 Nxf3+
11. Nxf3 Be6 12. Be3 Qd7 13. d4 exd4 14. cxd4 Bxd5 15. exd5 Nb4 16. Qb3 a5 17. a3 Na6 18. Qxb7 Rfb8 19. Qc6 Qxc6 20. dxc6 Rxb2
21. Bc1 Rb6 22. Rxe7 Kf8 23. Re1 Rab8 24. d5 Nc5 25. Be3 Rb2 26. Bxc5 dxc5 27. Ne5 Rd2 28. Nd7+
1-0

[Event "Despedida"]
[Site "SchemingMind.com"]
[Date "2014.03.02"]
[Round "-"]
[White "Phillip Beckett"]
[Black "Chess_Romanticist"]
[Result "0-1"]
[WhiteCountry "ENG"]
[BlackCountry "SWE"]
[WhiteElo "1553"]
[WhiteRD "49"]
[BlackElo "2074"]
[BlackRD "89"]
[GameID "348789"]

1. e4 e6 2. d4 d5 3. Nd2 c5 4. exd5 exd5 5. Bb5+ Bd7 6. Qe2+ Qe7 7. Bxd7+ Nxd7 8. dxc5 Nxc5 9. Nb3 Na4 10. Qxe7+ Bxe7
11. Ne2 Nf6 12. Nbd4 O-O 13. b3 Nb6 14. Bb2 Rfe8 15. O-O Rac8 16. Rfe1 Bd6 17. Ng3 Be5 18. c3 g6 19. Nf3 Bxc3 20. Bxc3 Rxc3
21. Rxe8+ Nxe8 22. Re1 Nd6 23. Kf1 Kg7 24. Ne5 a5 25. Nf3 a4 26. bxa4 Ra3 27. Re7 Rxa2 28. Ne5 Kf6 29. Nxg6 hxg6 30. Re1 Nxa4
31. Ne2 b5 32. Nd4 b4
0-1

[Event "Despedida"]
[Site "SchemingMind.com"]
[Date "2014.03.02"]
[Round "-"]
[White "Chess_Romanticist"]
[Black "Phillip Beckett"]
[Result "1-0"]
[WhiteCountry "SWE"]
[BlackCountry "ENG"]
[WhiteElo "1985"]
[WhiteRD "120"]
[BlackElo "1517"]
[BlackRD "50"]
[GameID "348790"]

1. e4 e5 2. Nf3 Nc6 3. Bb5 a6 4. Ba4 Nf6 5. O-O Be7 6. Re1 b5 7. Bb3 O-O 8. a4 b4 9. d4 exd4 10. e5 Ng4
11. h3 Nh6 12. Bxh6 gxh6 13. Bd5 Rb8 14. Nbd2 Bb7 15. Qe2 Bc5 16. Qe4 Kh8 17. Qf4 f6 18. Ne4 fxe5 19. Qxh6 Qe7 20. Nh4 Qg7
21. Qxg7+ Kxg7 22. Nxc5 Nd8 23. Nxd7 Bxd5 24. Nxb8
1-0